Bono rocker s titulom rytiera

Bibliographic Details
Main Author: Pressburg, Adrian Peter (Author)
Format: Article
Language:Slovak
PhysicalDescription:Fotogr., tab.
ISSN:1335-4620
Subjects:

MARC

LEADER 00000nab a2200000 ar4500
001 vtls008997197
003 SK-MaSNL
005 20260303065801.0
008 070608c2007 xo er|p|||||||000 b|slo
015 |a SNBRB2007/06  |2 snkbucl 
038 |a SNKBUCL 
040 |a SNKBUCL  |b slo  |c SNKBUCL  |e AACR2 
041 0 |a slo 
044 |a xo  |c SK 
080 |a 78.071.2  |2 2001 
080 |a 784.66  |2 2001 
100 1 |a Pressburg, Adrian Peter  |4 aut  |9 857364 
245 1 0 |a Bono  |b rocker s titulom rytiera  |c Adrian Peter Pressburg 
300 |b Fotogr., tab. 
600 0 7 |a Bono Vox,  |d 1960-  |2 snkbucl  |9 905539 
773 0 |t Profit  |g Č. 2 (2007), s. [16]-17  |x 1335-4620 
852 |a SNK  |b KIS3GCP 
999 |c 1752687  |d 1754617